Normal view
MARC view
Entry Personal Name
001 - CONTROL NUMBER
- control field: 462705
003 - CONTROL NUMBER IDENTIFIER
- control field: OSt
005 - DATE AND TIME OF LATEST TRANSACTION
- control field: 20220928123948.0
008 - FIXED-LENGTH DATA ELEMENTS
- fixed length control field: 220928|| aca||aabn | a|a d
040 ## - CATALOGING SOURCE
- Original cataloging agency: OSt
- Transcribing agency: OSt
100 ## - HEADING--PERSONAL NAME
- Personal name: Gordon Jon W
670 ## - SOURCE DATA FOUND
- Source citation: Work cat.: (OSt)775665: Gordon Jon W, Science and ethics of engineering the human germ line , 2003
